Statistieken voor Het Midden-Oosten

Klik hier om de quiz te nemen!

Algemene statistieken

  • Deze quiz is 78 keer genomen
  • De gemiddelde score is 10 van 11

Antwoordstatistieken

VraagAntwoord% Correct
Welk land ligt in het Midden-Oosten?Israël
100%
Welk land ligt in het Midden-Oosten?Qatar
100%
Wat is de hoofdstad van Irak?Bagdad
95%
Welk land ligt in het Midden-Oosten?Irak
95%
Welk land ligt in het Midden-Oosten?Iran
95%
Jeruzalem is de hoofdstad van welk land?Israël
95%
Welk land ligt in het Midden-Oosten?Saudi-Arabië
95%
De stad Mekka ligt in welk land?Saudi-Arabië
89%
Wat is de hoofdstad van TurkijeAnkara
84%
Teheran is de hoofdstad van welk land?Iran
84%
Welk land ligt in het Midden-Oosten?Turkije
84%

Scoreverdeling

Percentiel versus Aantal Correcte Antwoorden

Procent van Mensen met Elke Score

Uw Scoregeschiedenis

U heeft deze quiz nog niet genomen